| 000 | | | 04057nmc2a2200000 x 450 |
| 001 | | | 2d9f33e9-1120-4836-bbfc-af86d362c687 |
| 005 | | | 20160109105755.0 |
| 100 | ## | $a | 20150212l18901890k l0rusy0189 ca |
| 101 | 0# | $a | rus |
| 102 | ## | $a | RU |
| 200 | 1# | $a | Дело о выкупе земли вольным человеком Бредисом у А.А. Штегмана в односелье Милеки Шавельского уезда Ковенской губернии |
| | $j | 20 апреля - 28 июля 1890 г. |
| 251 | ## | $c | Дело |
| 300 | ## | $a | Дело |
| 300 | ## | $a | Ориг. заголовок дела: Дело Штегмана А.А. с вольным человеком Бредисом, о выкупе земли в односелье Милеки, Шавельского уезда Ковенской губернии. 20 апреля 1890 г. - 28 июля 1890 г |
| 801 | #0 | $a | RU |
| | $b | РГИА |
| | $c | 20150212 |
| | $g | RCR |
| 801 | #1 | $a | RU |
| | $b | ГлавНИВЦ |
| | $c | 20150212 |
| | $2 | rusmarc |
| 801 | #2 | $a | RU |
| | $b | ПБ им. Б.Н. Ельцина |
| | $c | 20160109 |
| | $g | RCR |
| | $2 | rusmarc |
| 850 | ## | $a | РГИА |
| 852 | ## | $a | РГИА |
| | $e | Федеральное казенное учреждение "Российский государственный исторический архив" (РГИА) |
| | $j | 2351 |
| 937 | ## | $h | РГИА |
| | $d | 11176149 |
| | $a | ASBIBLIO_SCAN |
| 462 | #0 | $1 | 001502adf71-6cdd-4b0a-8019-ccd751bf1031 |
| | $1 | 2001 |
| | $a | Дела Главного выкупного учреждения Министерства финансов по Ковенской губернии |
| | $1 | 251 |
| | $c | Опись |
| | $1 | 852 |
| | $j | 15 |
| 461 | #0 | $1 | 0018ef30ad5-ff5c-4840-a721-74c62a200f95 |
| | $1 | 2001 |
| | $a | Главное выкупное учреждение Министерства финансов |
| | $1 | 251 |
| | $c | Фонд |
| | $1 | 852 |
| | $j | 577 |
| 215 | ## | $a | 26 л. |
| | $d | 36,5х26 см |
| 371 | ## | $a | Документ не является опубликованным и широко распространяемым |
| 105 | ## | $a | y### |
| 122 | 2# | $a | d |
| 517 | 1# | $a | Дело Штегмана А.А. с вольным человеком Бредисом, о выкупе земли в односелье Милеки, Шавельского уезда Ковенской губернии. 20 апреля 1890 г. - 28 июля 1890 г |
| 035 | ## | $a | 2d9f33e9-1120-4836-bbfc-af86d362c687 |